logo

Bir Sreshtho Munshi Abdur Rouf Library
Jhenaidah Cadet College

America Before : (Record no. 13678)

MARC details
000 -LEADER
fixed length control field 00620nam a2200217 a 4500
001 - CONTROL NUMBER
JCCL Control Number 13678
003 - CONTROL NUMBER IDENTIFIER
JCCL marc code BD-JhCC
005 - DATE AND TIME OF LATEST TRANSACTION
control field 20240313204028.0
008 - FIXED-LENGTH DATA ELEMENTS--GENERAL INFORMATION
fixed length control field 240313b2019 nyu |||| ||a| 001 0 eng d
020 ## - INTERNATIONAL STANDARD BOOK NUMBER
International Standard Book Number 9781473660571
035 ## - SYSTEM CONTROL NUMBER
system control number (BD-JhCC)13678
040 ## - CATALOGING SOURCE
Original cataloging agency BD-JhCC
Modifying agency BD-JhCC
041 ## - LANGUAGE CODE
Language code of Book english
082 ## - DEWEY DECIMAL CLASSIFICATION NUMBER
Classification number 970
Author mark and Year HAN 2019
100 ## - MAIN ENTRY--PERSONAL NAME
Personal name Hancock, Graham
245 ## - TITLE STATEMENT
Title America Before :
Remainder of title The key to earth's lost civilization /
Statement of responsibility, etc Graham Hancock .
260 ## - PUBLICATION, DISTRIBUTION, ETC. (IMPRINT)
Place of publication, distribution, etc London:
Name of publisher, distributor, etc Coronet;
Date of publication, distribution, etc 2019.
300 ## - PHYSICAL DESCRIPTION
Pagination 767 p, :
Other physical details ill;
Dimensions 22 cm
650 ## - SUBJECT ADDED ENTRY--TOPICAL TERM
Topical term or geographic name as entry element America
General subdivision America Civilization
Geographic subdivision America History
942 ## - ADDED ENTRY ELEMENTS (KOHA)
Source of classification or shelving scheme Dewey Decimal Classification
Koha item type Books
Holdings
Source of classification or shelving scheme Damaged status Not for loan Home library Current library Shelving location Date of accession Cost, normal purchase price Total Checkouts Full call number Barcode Date last seen Copy number Method of acquisition Koha item type Currency
Dewey Decimal Classification     JCC Rouf Library JCC Rouf Library General Stacks   660.00   970 HAN 2019 19119 03/13/2024 C-1 Purchase Books BDT

JCC Library | Contacts | JCC Home

Last Update on 23 September 2017
Copyright @ 2017-2020 JCC Rouf Library
Rouf Library, Jhenidah Cadet College (JCC), Bangladesh